00417nam a2200121Ia 4500008004100000024005600041082001700097100005400114245003900168260002500207600002500232650003800257250506s9999 xx 000 0 und d a15B-095-SE, 15B-047-SE, 15B-097-SE & 15B-089-SE a005.2922 AZI aAziz Hafeez, Maha Sohaib, Abdul Hadi & Abdul Rauf 0aTerror to Peace (Game) (CODE BOOK) aKarachi:bUIT,c2005 aSoftware Engineering aBachelor of Computer Science (BS)